Social Media Logos Quiz - Statistics

General Stats
  • This quiz has been taken 302 times
  • The average score is 11 of 12
Answer Stats
Picture Answer % Correct
Facebook
99%
Instagram
98%
Twitter
98%
YouTube
98%
TikTok
97%
Gmail
93%
Snapchat
93%
WhatsApp
90%
Reddit
83%
Linked in
79%
Discord
78%
App Store
77%
No matching quizzes found
Score Distribution
Percent of People with Each Score
Percentile by Number Answered
Your Score History
You have not taken this quiz